BIBLIOTHÈQUE DE LA MAISON DU MEXIQUE

Logo 1 Logo 2

Mourir au Mexique (notice nᵒ 10365)

détails MARC
000 -Sello discográfico
campo de control de longitud fija 01248nam a2200349 4500
005 - Identificación de versión
campo de control 20250925141439.0
099 ## - fechas locales
Tipo de ítem Koha LIBRO
100 ## - Datos de procesamiento general
Datos de procesamiento general 20031223d2015 m y1spay5003 ba
101 ## - Idioma del recurso
Idioma del texto, banda sonora, etc. Francés
Idioma de la obra original Inglés
105 ## - Campo de datos codificados: Material textual, monográfico
Datos codificados de monografía a 001zy
200 1# - Título y mención de responsabilidad
Título propio Mourir au Mexique
Designación general del material texto impreso
Otra información del título Narcotrafic et terreur d'État
Primer mención de responsabilidad John Gibler
Declaración de responsabilidad subsiguiente traduction Stephen Sánchez, Anna Touati
-- coordination Elsa Quéré
210 ## - Publicación, distribución, etc.
Lugar de publicación, distribución, etc. Toulouse
Nombre del editor, distribuidor, etc. Collectif des métiers de l'édition
Fecha de publicación, distribución, etc. 2015
215 ## - Descripción física
Designación de material específico y extensión del ítem 219 p
Otras características físicas il.
Dimensiones 22 cm
345 ## - Nota de información de adquisición
Fuente de adquisición/dirección de la suscripción [OBSOLETO] Donación Alain Musset
410 #1 - Series
Título Collection À l'ombre du maguey
454 #1 - Traducción de
Título To Die in Mexico
606 ## - Término temático usado como materia
Elemento de entrada Crimenes y delitos políticos
Subdivisión geográfica México
Subdivisión cronológica 1990-2020
Número Koha 16884
606 ## - Término temático usado como materia
Elemento de entrada Drogas y criminalidad
Subdivisión geográfica México
Subdivisión cronológica 1990-2020
Número Koha 16885
606 ## - Término temático usado como materia
Elemento de entrada Drogas, lucha contra
Subdivisión geográfica México
Subdivisión cronológica 1990-2020
Número Koha 16886
660 ## - Código de área geográfica
Código MX
700 ## - Nombre personal - Responsabilidad primaria
Elemento de entrada Gibler
Parte del nombre distinta del elemento de entrada John
Fechas 1973-
Número Koha 16887
702 ## - Nombre personal - Responsabilidad secundaria
Elemento de entrada Quéré
Parte del nombre distinta del elemento de entrada Elsa
Número Koha 16888
702 ## - Nombre personal - Responsabilidad secundaria
Elemento de entrada Sánchez
Parte del nombre distinta del elemento de entrada Stephen
Número Koha 16889
702 ## - Nombre personal - Responsabilidad secundaria
Elemento de entrada Touati
Parte del nombre distinta del elemento de entrada Anna
Fechas 1983-
Número Koha 16890
801 #0 - Fuente de origen
Agencia cm
900 ## -
-- 1/5726
900 ## -
-- 7100317488\231203
942 ## - ELEMENTOS DE ENTRADA SECUNDARIOS (KOHA)
Tipo de ítem Koha Livre
996 ## -
-- MEX
-- 751145101
-- MMAG
-- 007120
-- 364.13 G446MO
-- 20221130LIV
Exemplaires
Estatus retirado Estado de daño Estado de pérdida Fecha de adquisición Biblioteca de origen Biblioteca actual Ubicación en estantería Código de barras Precio de reemplazo Signatura topográfica completa No para préstamo Tipo de ítem Koha Nota pública Nota no pública
      05/08/2025 Casa México Paris Casa México Paris   007120 05/08/2025 364.13 G446MO   Livre 20221130LIV 751145101